La moral católica : principios generales : textos e.p.
Salvato in:
| Natura: | Libro |
|---|---|
| Lingua: | spagnolo |
| Pubblicazione: |
Madrid :
Compañía Bibliográfica Española
1957-
|
| Catalogo: | MANES: Risultati della ricerca del catalogo della biblioteca |
| Libro di testo Classificazione: |
|
| Serie: | Elementos de religión
|
| Tags: |
Aggiungi Tag
Nessun Tag, puoi essere il primo ad aggiungerne!!
|
| Aggiunto a: | 2018-10-21 |
| Cambiato in: | 2025-05-07 |
MARC
| LEADER | 00000nam a22000004i 4500 | ||
|---|---|---|---|
| 003 | ES-BaCBU | ||
| 005 | 20250507130112.0 | ||
| 008 | 181022s1957 sp a|||b |||| 0|| 0 spa|c | ||
| 040 | |a ES-BaUB |b cat |e rda |c ES-BaUB | ||
| 245 | 0 | 3 | |a La moral católica : |b principios generales : textos e.p. |
| 264 | 1 | |a Madrid : |b Compañía Bibliográfica Española, |c 1957- | |
| 264 | 3 | |b Talleres Gráficos Escelicer | |
| 300 | |a volums (222 pàgines) : |b il·lustracions ; |c 21 cm + |e 1 fullet (11 pàgines ; 17 cm) | ||
| 336 | |a text |b txt |2 rdacontent | ||
| 337 | |a sense mediació |b n |2 rdamedia | ||
| 338 | |a volum |b nc |2 rdacarrier | ||
| 490 | 1 | |a Elementos de religión | |
| 500 | |a El fullet d'acompanyament conté el programa del curs | ||
| 505 | 8 | |a Conté: Primera parte | |
| 546 | |a España | ||
| 561 | |5 es-CRAI |3 p2 R TEXT 2 98 |a España. Biblioteca Universitat de Barcelona |k MANES | ||
| 690 | 0 | |a RyM | |
| 691 | 0 | |a PRI | |
| 830 | 0 | |a Elementos de religión |9 27661 | |
| 856 | |y Registro en Cercabib - CRAI | ||
| 940 | |a UB | ||
| 942 | |2 ddc |c BK | ||
| 999 | |c 87239 |d 87239 | ||
| 999 | |c manes:87239 |d 87239 | ||